| 000 | 01102nam0a22002771 4500 | ||
|---|---|---|---|
| 001 | v19\rc\1506017 | ||
| 005 | 20260406110921.0 | ||
| 035 | _a(NLR Aleph) 005214415 | ||
| 090 |
_a5442194 _c5442194 |
||
| 100 | _a20060620d1883 |||y0rusy50 ca | ||
| 101 | 1 |
_arus _cfre |
|
| 102 | _aRU | ||
| 105 | _aa z ||||| | ||
| 200 | 1 |
_aРуководство по хирургической анатомии _f[Соч.] А. Ришэ _gПер. с фр. под ред. П. Лесгафта |
|
| 210 |
_aСанкт-Петербург _cжурн. "Мед. б-ка" _d1883 |
||
| 215 |
_a1314, 12, VIII с., 4 л. ил. _cил. _d24 |
||
| 320 | _aБиблиогр. в примеч. | ||
| 700 | 1 |
_7ca _8rus _aРише _bА. _f1816-1891 _gАльфред _997679 _3RU\NLR\AUTH\77114754 |
|
| 702 | 1 |
_4340 _7ca _8rus _aЛесгафт _bП. Ф. _f1837-1909 _gПетр Францевич _997147 _3RU\NLR\AUTH\77114222 |
|
| 801 | 0 |
_aRU _bNLR _c20060620 _gpsbo |
|
| 801 | 0 |
_aRU _bRuMoRGB _c20060620 _2psbo |
|
| 801 | 1 |
_aRU _bProSoft-M _c20060620 _2rusmarc |
|
| 801 | 2 |
_aRU _bNLR _c20120827 _2rusmarc |
|
| 852 |
_aNLR _j51/694 |
||
| 942 | _cBOOK | ||
| 980 | _aNB | ||